Podnikateľská činnosť škôl a školských zariadení

Problematika podmienok vykonávania podnikateľskej činnosti škôl a školských zariadení, ktorá nesmie byť v rozpore s hlavnou činnosťou školy alebo školského zariadenia. Pravidlá vykonávania podnikateľskej činnosti škôl a školských zariadení.

Salvato in:
Dettagli Bibliografici
Autore principale: Konečná Veverková, Ingrid
Natura: Capitolo di libro
Lingua:slovacco
Soggetti:
Tags: Aggiungi Tag
Nessun Tag, puoi essere il primo ad aggiungerne!!

MARC

LEADER 00000naa a2200000 4500
001 0230033
005 20170512091713.5
041 0 |a slo 
044 |a SK 
245 1 0 |a Podnikateľská činnosť škôl a školských zariadení  |c Ingrid Konečná Veverková 
520 |a Problematika podmienok vykonávania podnikateľskej činnosti škôl a školských zariadení, ktorá nesmie byť v rozpore s hlavnou činnosťou školy alebo školského zariadenia. Pravidlá vykonávania podnikateľskej činnosti škôl a školských zariadení. 
610 2 0 |a školstvo 
610 2 0 |a školy 
610 2 0 |a zariadenia školské 
610 2 0 |a kvalita vzdelávania 
610 2 0 |a podnikanie 
610 2 0 |a zámery podnikateľské 
610 2 0 |a správa verejná 
610 2 0 |a zákony 
100 1 |a Konečná Veverková, Ingrid